000 00882nam a2200289 i 4500
003 EG-GICUC
005 20260420155857.0
008 260420s1959 fr ||||fr|||| 000 0 fre d
040 _aEG-GiCUC
_bfre
_cEG-GiCUC
_dEG-GiCUC
_eRda
082 0 4 _221
_a341.511
_bBA
092 0 4 _221
099 _aLaw1 11 341.511 BA 1959
245 0 4 _aLes Barreaux Dans Le Monde :
_bDie Rechtsanwaltschaft in Der Welt /
_c
264 1 _aParis :
_bDalloz Et Sirey,
_c1959.
300 _a594 page :
_billustration ;
_c 24 cm.
336 _2rda contenu
_a texte
337 _2rda medias
_aOrdinateur
338 _2 transporteur rda
_a Ressource en ligne
504 _a
546 _aTexte en français
650 1 4 _aDroit international public
_2
651 1 _2
700 1 _a
856 4 0 _uhttps://fll.law.cu.edu.eg/fulltext/bks/B11-07173.pdf
905 _a50
942 _2ddc
_cBK
_e21
_n0
999 _c72303
_d72303